Weaving ties of friendship, trust, and commitment to build democracy and human rights in Peru. / (Record no. 164906)

MARC details
000 -LEADER
fixed length control field 01220nam a2200301Ia 4500
008 - FIXED-LENGTH DATA ELEMENTS--GENERAL INFORMATION
fixed length control field
049 ## - LOCAL HOLDINGS (OCLC)
Holding library MAIN
090 ## - LOCALLY ASSIGNED LC-TYPE CALL NUMBER (OCLC); LOCAL CALL NUMBER (RLIN)
Classification number (OCLC) (R) ; Classification number, CALL (RLIN) (NR) JC585 WEA
003 - CONTROL NUMBER IDENTIFIER
control field
005 - DATE AND TIME OF LATEST TRANSACTION
control field 20230123134359.0
040 ## - CATALOGING SOURCE
Transcribing agency NUST
100 1# - MAIN ENTRY--PERSONAL NAME
Personal name Bernbaum, Marcia.
245 10 - TITLE STATEMENT
Title Weaving ties of friendship, trust, and commitment to build democracy and human rights in Peru. /
Statement of responsibility, etc. Marcia Bernbaum.
246 30 - VARYING FORM OF TITLE
Title proper/short title Democracy and human rights in Peru.
260 ## - PUBLICATION, DISTRIBUTION, ETC.
Place of publication, distribution, etc. Lima, Peru :
Name of publisher, distributor, etc. Linea and Punto, S.A.,
Date of publication, distribution, etc. 1999.
300 ## - PHYSICAL DESCRIPTION
Extent xi, 103 p. ;
Dimensions 28 cm.
500 ## - GENERAL NOTE
General note "Peruvian Institute for Education in Human Rights and Peace (IPEDEHP)
500 ## - GENERAL NOTE
General note "A case study of a training program for community leaders in hHuman rights, democracy and citizen participation of the Peruvian Institute for Education in Human rights and Peace (IPEDEHP)
500 ## - GENERAL NOTE
General note Includes bibliographical reference
610 10 - SUBJECT ADDED ENTRY--CORPORATE NAME
Corporate name or jurisdiction name as entry element United States.
Subordinate unit Agency for International Development (USAID)
650 #0 - SUBJECT ADDED ENTRY--TOPICAL TERM
Topical term or geographic name entry element Democracy
Geographic subdivision Peru.
650 #0 - SUBJECT ADDED ENTRY--TOPICAL TERM
Topical term or geographic name entry element Socialism
Geographic subdivision Peru.
650 #0 - SUBJECT ADDED ENTRY--TOPICAL TERM
Topical term or geographic name entry element Civil rights
Geographic subdivision Peru.
650 #0 - SUBJECT ADDED ENTRY--TOPICAL TERM
Topical term or geographic name entry element Human rights
Geographic subdivision Peru.
651 #0 - SUBJECT ADDED ENTRY--GEOGRAPHIC NAME
Geographic name Peru
General subdivision Politics and government.
907 ## - LOCAL DATA ELEMENT G, LDG (RLIN)
a .b10231985
b 15-02-07
c 15-02-07
942 ## - ADDED ENTRY ELEMENTS (KOHA)
Koha item type Ordinary Loan Books
Call number prefix JC585 WEA
Holdings
Date last seen Total Checkouts Full call number Barcode Cost, replacement price Price effective from Koha item type Lost status Source of classification or shelving scheme Damaged status Not for loan Collection Withdrawn status Home library Current library Shelving location Date acquired Cost, normal purchase price
01/23/2023   JC585 WEA 92003007342 80.00 01/23/2023 BOOKS   LCC     NFIC   MAIN MAIN GEN 01/23/2023 80.00